Catálogo

HISTOLOGIA DE HAM (Registro nro. 5705)

Detalles MARC
000 -LEADER
fixed length control field 00454nam a2200193 a 4500
001 - CONTROL NUMBER
control field 5705
005 - DATE AND TIME OF LATEST TRANSACTION
control field 20230414123546.0
008 - FIXED-LENGTH DATA ELEMENTS--GENERAL INFORMATION
fixed length control field 140415s1988 mx 000 0 spa d
020 ## - INTERNATIONAL STANDARD BOOK NUMBER
International Standard Book Number 9686199195
041 ## - LANGUAGE CODE
Language code of text/sound track or separate title spa
082 ## - DEWEY DECIMAL CLASSIFICATION NUMBER
Classification number 611.0181
Item number COR
100 1# - MAIN ENTRY--PERSONAL NAME
Personal name CORMACK, DAVID H.
245 10 - TITLE STATEMENT
Title HISTOLOGIA DE HAM
250 ## - EDITION STATEMENT
Edition statement 9a ed.
260 ## - PUBLICATION, DISTRIBUTION, ETC.
Place of publication, distribution, etc. MEXICO :
Name of publisher, distributor, etc. HARLA,
Date of publication, distribution, etc. 1988
300 ## - PHYSICAL DESCRIPTION
Extent 892
650 14 - SUBJECT ADDED ENTRY--TOPICAL TERM
Topical term or geographic name entry element HISTOLOGIA
700 1# - ADDED ENTRY--PERSONAL NAME
Personal name BLENGIO PINTO, JOSE RAFAEL
Relator term tr.
Existencias
Withdrawn status Lost status Source of classification or shelving scheme Damaged status Not for loan Home library Current library Shelving location Date acquired Source of acquisition Total Checkouts Full call number Barcode Price effective from Koha item type Collection code Inventory number Total Renewals Date last seen Date last checked out Checked out
  No inventariado Dewey Decimal Classification     Biblioteca Karol Wojtyla Biblioteca Karol Wojtyla   03/12/2013 Compra   611.0181 COR 18309 03/12/2013 Libro            
  No inventariado Dewey Decimal Classification     Biblioteca Karol Wojtyla Biblioteca Karol Wojtyla   03/12/2013 Compra   611.0181 COR 29405 03/12/2013 Libro            
    Dewey Decimal Classification     Biblioteca Karol Wojtyla Biblioteca Karol Wojtyla Sala general 03/12/2013 Compra 17 611.0181 COR 34662 22/05/2014 Libro General 151000000000000000005123 1 05/01/2026 14/09/2023  
  No inventariado Dewey Decimal Classification     Biblioteca Karol Wojtyla Biblioteca Karol Wojtyla   03/12/2013 Compra   611.0181 COR 17664 03/12/2013 Libro            
    Dewey Decimal Classification     Biblioteca Karol Wojtyla Biblioteca Karol Wojtyla Sala general 03/12/2013 Compra 1 611.0181 COR 58803 03/12/2013 Libro General     23/11/2016 23/11/2016 23/11/2016